000 00716nam a2200217 i 4500
001 49975
003 ES-MaACL
005 20230906162108.0
007 t|
008 030728s1957 sp ||||1| spa d
100 1 _aCrespo Pozo, José-Santiago.
_941551
245 1 0 _aBlasones y linajes de Galicia /
_cpor José-Santiago Crespo Pozo.
260 _aSantiago de Compostela :
_bBibliófilos Gallegos,
_c1957 (
_ePontevedra :
_fRamiro Paz)
300 _a1 t. ;
_c30 cm.
490 1 _aEnciclopedia gallega ;
_v2
505 8 _aContiene: T. I: Heráldica
650 4 _aHeráldica-
_zGalicia.
_9157526
830 0 _aEnciclopedia gallega ;
_v2
_9229819
852 _aES-MaACL
_jP-782
_bR.41391
999 _c49975
_d49975